00339cam a2200109 a 4500020002800000040000800028082002600036100002600062245006100088260005100149300002900200 a0819190365 (alk. paper) cDLC00a337 UNI 1993 A067 Or.1 aMourdoukoutas, Panos.10aJapan's turn :bthe interchange in economic leadership / aLanham :bUniversity Press of America,cc1993. a230 p. :bill. ;c23 cm.